00546 a2200169 450000100060000002000220000604000240002824000270005224500220007930000090010136200090011065000310011994200070015095201010015795201010025899900170035947652 a978-85-08-08789-1 cAnchieta - Aquarius10aDoces fraçõeslpor10aDoces frações a23p.0 a2000 4aLiteratura infanto-juvenil cBK 00104070a87.1b87.1d2023-11-21l0o028.5 DOCp6500/AQUr2023-11-21 15:14:32w2023-11-21yBK 00104070a87.1b87.1d2023-11-21l0o028.5 DOCp6577/AQUr2023-11-21 15:14:32w2023-11-21yBK c47652d47652